| Tag |
First Indicator |
Second Indicator |
Subfields |
| LEADER |
00000cam a2200000 4500 |
| 001 |
in00001201774 |
| 005 |
20151002073053.0 |
| 008 |
720128s1966 nyu 000 0 eng |
| 010 |
|
|
|a 66017389
|
| 015 |
|
|
|a GB66-18679
|
| 035 |
|
|
|a (OCoLC)00229998
|
| 035 |
|
|
|9 AGM6266AM
|
| 040 |
|
|
|a DLC
|c OUN
|d SER
|d UKM
|d TXA
|d UtOrBLW
|
| 049 |
|
|
|a TXAM
|
| 050 |
0 |
0 |
|a JC348
|b .F7
|
| 082 |
0 |
|
|a 320.3
|
| 090 |
|
|
|a JC348
|b .F7 1966
|
| 100 |
1 |
|
|a Fried, Robert C.
|
| 245 |
1 |
0 |
|a Comparative political institutions /
|c [by] Robert C. Fried.
|
| 264 |
|
1 |
|a New York :
|b Macmillan,
|c [1966]
|
| 264 |
|
4 |
|c ©1966
|
| 300 |
|
|
|a vii, 152 pages ;
|c 21 cm.
|
| 336 |
|
|
|a text
|b txt
|2 rdacontent
|
| 337 |
|
|
|a unmediated
|b n
|2 rdamedia
|
| 338 |
|
|
|a volume
|b nc
|2 rdacarrier
|
| 490 |
1 |
|
|a Government in the modern world
|
| 504 |
|
|
|a Includes bibliographical references.
|
| 650 |
|
0 |
|a Political science.
|
| 650 |
|
0 |
|a State, The.
|
| 830 |
|
0 |
|a Government in the modern world.
|
| 999 |
|
|
|a MARS
|
| 999 |
f |
f |
|s ed7e01dd-32b0-3c21-bb07-faba9095045b
|i f85e38da-0eff-3698-ac07-6cb660b9b3e5
|t 0
|
| 952 |
f |
f |
|p ric
|a Texas A&M University
|b Rellis Campus
|c Joint Library Facility
|d Remote Storage
|t 0
|e JC348 .F7 1966
|h Library of Congress classification
|i unmediated -- volume
|m A14818747778
|
| 998 |
f |
f |
|a JC348 .F7 1966
|t 0
|l Remote Storage
|